02935nam a2200469 i 450000100060000000300080000600500170001400600190003100700150005000800410006502000270010602000180013304000310015105000250018208000110020708000110021808200150022910000320024424501130027625000220038926400340041130000590044533600310050433700360053533800430057149000380061450400280065252011710068058801340185159001640198565000250214965000210217465000280219565000220222365500270224570000350227279700190230783000380232603500220236485600620238699900170244869249FlNmELB20241217142950.0m o u cr cn|||||||||190212s2017 sp a ob 000 0 spa d a9788436836912 (e-book) a9788436836905 aFINmELBbspaerdacFINmELB14aHG4028.V3bJ617 2017 a657.92 a336.7604a658.152231 aJiménez Naharro, Félix.10aValoración de empresas y análisis bursátil /cFélix Jiménez Naharro, Antonio de la Torre Gallegos. a2{487} edición. 1aMadrid :bPirámide,c[2017] a1 recurso en línea (251 páginas) :bilustraciones. atextobtxt2rdacontent/spa acomputadorabcbc2rdamedia/spa arecurso en líneabcr2rdacarrier/spa1 aEconomía y empresa / Pirámide aIncluye bibliografía. aLa valoración y el análisis bursátil es uno de los retos más importantes que debe superar un buen analista financiero. Es creciente la demanda de métodos adecuados por los profesionales y emprendedores que tienen que negociar la compraventa de una empresa, sus acciones o en la obtención de financiación ajena; elaborar análisis e informes sobre precios, o para los procesos de quiebra de la empresa, por sólo citar algunos ejemplos. Este libro va dirigido a formar alumnos, profesionales y emprendedores del área de la dirección financiera en la valoración y el análisis bursátil para que puedan desarrollar una parte fundamental de su actividad. En él se exponen distintos modelos propuestos por la teoría financiera que se aplican al campo de la valoración de empresas, start-ups, a la valoración de activos financieros, al análisis bursátil y a cualquier otro proyecto de inversión. Junto con los contenidos teóricos se plantean numerosos casos prácticos sobre la aplicación de los diferentes modelos de valoración existentes y análisis bursátil que, sin duda, ayudan a aclarar los planteamientos teóricos. aDescripción basada en recurso en línea; título de la página del título en PDF (elibro, visto el 12 de febrero de 2019). aRecurso electrónico. Santa Fe, Arg.: e-libro, 2019. Disponible vía World Wide Web. El acceso puede estar limitado para las bibliotecas afiliadas a e-libro. 0aBusinessxValuation. 0aStock exchanges. 4aEmpresasxValoración. 4aBolsa de valores. 4aLibros electrónicos.1 aTorre Gallegos, Antonio de la.2 ae-libro, Corp. 0aEconomía y empresa (Pirámide) a(OCoLC)110587728240uhttps://elibro.net/ereader/politecnicointernacional/49183 c69249d69249